Statistiques concernant Devinez le Département Mystère #91

Cliquez ici pour prendre le quiz!

Statistiques générales

  • Ce quiz a été pris 104 fois
  • Le résultat moyen est 27 sur 34

Statistiques - réponses

Type de RéponseRéponse% Correct
Lettre TrouvéeE
100%
Lettre de l'AlphabetI
100%
Lettre de l'AlphabetR
100%
Lettre TrouvéeN
99%
Lettre de l'AlphabetA
98%
Lettre de l'AlphabetD
98%
Lettre TrouvéeO
98%
Lettre TrouvéeS
98%
Lettre de l'AlphabetL
95%
Lettre de l'AlphabetT
94%
Lettre de l'AlphabetU
93%
Lettre de l'AlphabetH
90%
Lettre de l'AlphabetC
88%
Lettre de l'AlphabetM
87%
Lettre de l'AlphabetV
87%
Lettre de l'AlphabetG
83%
Lettre de l'AlphabetB
82%
Lettre Bien PlacéeE
82%
Lettre de l'AlphabetY
80%
Lettre de l'AlphabetF
73%
Lettre de l'AlphabetP
72%
Lettre Bien PlacéeN
69%
Lettre Bien PlacéeO
65%
Lettre de l'AlphabetZ
65%
Lettre de l'AlphabetQ
64%
Lettre de l'AlphabetJ
61%
Lettre Bien PlacéeN
58%
Lettre de l'AlphabetX
55%
Lettre Bien PlacéeE
54%
Département MystèreEssonne
54%
Lettre de l'AlphabetK
54%
Lettre Bien PlacéeS
54%
Lettre Bien PlacéeS
54%
Lettre de l'AlphabetW
54%

Distribution des résultats

Percentile par nombre de réponses

% des personnes avec chaque résultat

Votre développement - résultats

Vous n’avez pas pris ce quiz